Statistics for Volcanoes by Country

Click here to take the quiz!

General Stats

  • This quiz has been taken 1,147 times
  • The average score is 12 of 24

Answer Stats

VolcanoCountry% Correct
FujiJapan
97%
EyjafjallajokullIceland
92%
VesuviusItaly
87%
EtnaItaly
83%
KilimanjaroTanzania
78%
KrakatoaIndonesia
72%
Mount RainierUnited States
67%
StromboliItaly
64%
AraratTurkey
64%
PopocatepetlMexico
61%
ElbrusRussia
58%
Mount HoodUnited States
53%
AvachinskyRussia
47%
Pico de OrizabaMexico
42%
Mount ShastaUnited States
39%
Ojos del SaladoChile
33%
ChimborazoEcuador
27%
LokiIceland
27%
El MistiPeru
27%
CotopaxiEcuador
27%
ArenalCosta Rica
26%
TajumulcoGuatemala
19%
AsamaJapan
17%
ApoPhilippines
12%

Score Distribution

Percentile by Number Answered

Percent of People with Each Score

Your Score History

You have not taken this quiz